| 000 | 00937nam a2200277 4500 | ||
|---|---|---|---|
| 001 | 131885 | ||
| 003 | ES-MaACL | ||
| 005 | 20230906194050.0 | ||
| 007 | t| | ||
| 008 | 070214s1977 sp d 001 0dspa d | ||
| 020 | _a84-249-1351-5 | ||
| 080 | _a014.12(46)(03) | ||
| 080 | _a860:929(03) | ||
| 100 | 1 |
_aRogers, Paul Patrick. _998949 |
|
| 245 | 1 | 0 |
_aDiccionario de seudónimos literarios españoles, con algunas iniciales / _cP.P. Rogers y F.A. Lapuente. |
| 260 |
_aMadrid : _bGredos, _c[1977] |
||
| 300 |
_a608 p. ; _c24 cm. |
||
| 490 | 1 |
_aBiblioteca románica hispánica ; _v5. Diccionarios ; _v6 |
|
| 500 | _aÍndice onomástico. | ||
| 504 | _aBibliografía: p. [495]-502. | ||
| 650 | 4 |
_aSeudónimos españoles- _vDiccionarios. _9144880 |
|
| 700 | 1 |
_aLapuente, Felipe Antonio. _9144882 |
|
| 830 | 1 |
_aBiblioteca románica hispánica ; _v5. Diccionarios ; _v6 _9180746 |
|
| 852 |
_aES-MaACL _jA-7753 |
||
| 999 |
_c131885 _d131885 |
||